Lisímaco Chavarría y su aporte a la lírica costarricense /

En este artículo se aborda la presencia del escritor costarricense Lisímaco Chavarría (1878-1913) en la literatura nacional de finales del siglo XIX y principios del siglo XX, en medio de las dos vertientes dominantes: el costumbrismo y el modernismo, con el fin de valorar sus aportes a la poesía de...

Descrizione completa

Salvato in:
Dettagli Bibliografici
Autore principale: Carvajal Araya, María Isabel
Natura: Sconosciuto
Lingua:Spanish
Pubblicazione: Heredia, Costa Rica: Universidad Nacional, Facultad de Filosofia y Letras, Instituto de Estudios Latinoamericanos, 2011.
Soggetti:
Accesso online:http://www.revistas.una.ac.cr/index.php/repertorio/article/view/5867
Tags: Aggiungi Tag
Nessun Tag, puoi essere il primo ad aggiungerne!!

MARC

LEADER 00000 a2200000 4500
008 150720s2011 cr a|||| ||||a00| b spa d
022 |a 0252-8479 
040 |a CIICLA 
041 |a spa 
082 |a 800  |b R 
100 1 |a Carvajal Araya, María Isabel 
245 1 0 |a Lisímaco Chavarría y su aporte a la lírica costarricense /  |c María Isabel Carvajal Araya 
260 |a Heredia, Costa Rica:  |b Universidad Nacional, Facultad de Filosofia y Letras, Instituto de Estudios Latinoamericanos,  |c 2011. 
300 |a 13-21 páginas 
520 |a En este artículo se aborda la presencia del escritor costarricense Lisímaco Chavarría (1878-1913) en la literatura nacional de finales del siglo XIX y principios del siglo XX, en medio de las dos vertientes dominantes: el costumbrismo y el modernismo, con el fin de valorar sus aportes a la poesía de su época. 
600 1 4 |a CHAVARRIA PALMA LISIMACO, 1873-1913 
773 0 |x 0252-8479  |d Heredia, Costa Rica: Universidad Nacional, Facultad de Filosofia y Letras, Instituto de Estudios Latinoamericanos, 2011.  |t Repertorio americano. Segunda nueva época  |g Volumen 1, Número 22 (2012)  |q páginas 13-21 
856 3 0 |u http://www.revistas.una.ac.cr/index.php/repertorio/article/view/5867 
942 |2 ddc  |c ARC 
999 |c 4397  |d 4397